Sobre el problema de la relatividad de los valores

Збережено в:
Бібліографічні деталі
Автор: Ingarden, Roman (Автор)
Формат: Книга
Мова:Іспанська
Опубліковано: Madrid Universidad Complutense 1997
Серія:Colección Excerpta Philosophica, 23
Предмети:
Теги: Додати тег
Немає тегів, Будьте першим, хто поставить тег для цього запису!

MARC

LEADER 00000nam a2200000 a 4500
001 UCP2520
003 CL-VaPUC
008 990520e19970000SP |||||||||||||||||spa|d
082 0 4 |a 171.7  |b ING  |2 21 
100 0 |a Ingarden, Roman  |e author  |9 429299 
245 1 0 |a Sobre el problema de la relatividad de los valores 
300 |a 33 p 
942 |c BK 
945 |d 19990520 00:00:00  |a rbrito 
260 |a Madrid  |b Universidad Complutense  |c 1997 
650 0 |a Ética  |9 255099 
650 0 |a Valores éticos   |9 416142 
650 0 |a Relativismo  |9 322356 
583 |a last modification  |c 19990520 00:00:00  |k Rodrigo Vera 
490 0 |a Colección Excerpta Philosophica, 23 
999 |c 281040  |d 281038 
952 |0 0  |1 0  |4 0  |6 171_700000000000000_ING_1997  |7 0  |8 A  |9 321651  |a BIBEDU  |b BIBEDU  |d 2019-11-20  |i 3510107  |o 171.7 ING 1997  |p 3510107  |r 2019-11-20  |w 2019-11-20  |y BK  |k FIL